11 Rappeurs à Suivre Booska-P - Statistiques

Statistiques générales
  • Ce quiz a été pris 31 fois
    4 depuis la dernière actualisation
  • Le résultat moyen est 2 sur 55
Statistiques - réponses
2022 % Correct
Favé
50%
Saïf
50%
Theodora
50%
13 Jenaya
0%
2 Mètres
0%
Abdii d'la SF
0%
Ajna
0%
BB Noyaa
0%
Bu$hi
0%
Chakal
0%
Dexter HMC
0%
Fallon
0%
Fresh La Douille
0%
Gapman
0%
Genezio
0%
Heykel
0%
H La Drogue
0%
Ino Casablanca
0%
Jeune Lion
0%
Jolagreen23
0%
JRK19
0%
Kay the Prodigy
0%
Keeqaid
0%
Kerchak
0%
KLM
0%
KLN
0%
Kpri
0%
La Fève
0%
Lazuli
0%
Le Risque
0%
Lesram
0%
Lé Will & Deuspi
0%
Lybro
0%
Mademoiselle Lou
0%
Many Santana
0%
Menace Santana
0%
Metah
0%
Mola
0%
NeS
0%
Niaks
0%
Nono la Grinta
0%
Oumay
0%
Pato
0%
Pirate
0%
R2
0%
RNBoi
0%
Samou Skuu
0%
Sheu
0%
So La Lune
0%
Stony Stone
0%
WIXO & LA2S
0%
Yorssy
0%
Yvnnis
0%
Zamdane
0%
0%
Aucun quiz correspondant
Distribution des résultats
% des personnes avec chaque résultat
Percentile par nombre de réponses
Votre historique - résultats
Vous n’avez pas pris ce quiz depuis la dernière actualisation